|
|
|
|
| LEADER |
00000nab a2200000 a 4500 |
| 001 |
vtls008700511 |
| 003 |
SK-MaSNL |
| 005 |
20260303073511.0 |
| 008 |
060515c20060421xo ur| 0 0slo |
| 038 |
|
|
|a RVGKPD
|
| 040 |
|
|
|a RVGKPD
|b slo
|c RVGKPD
|e AACR2
|
| 041 |
|
|
|a slo
|
| 044 |
|
|
|a xo
|c SK
|
| 080 |
|
|
|a 369.223.22
|2 1997
|
| 245 |
0 |
0 |
|a Prešovský kraj opäť núka nemocnice
|c [autor] (ič)
|
| 610 |
2 |
7 |
|a Nemocnica s poliklinikou Andreja Leňa (Humenné, Slovensko)
|2 snkbucl
|9 33843
|
| 610 |
2 |
7 |
|a Nemocnica s poliklinikou arm. gen. L. Svobodu (Svidník, Slovensko)
|2 rvgkpd
|9 59558
|
| 650 |
0 |
7 |
|a prenájom
|2 rvgkpd
|9 2668
|
| 651 |
|
7 |
|a Prešovský samosprávny kraj (Slovensko)
|2 rvgkpd
|9 23301
|
| 651 |
|
7 |
|a Humenné (Slovensko)
|2 rvgkpd
|9 19199
|
| 651 |
|
7 |
|a Svidník (Slovensko)
|2 rvgkpd
|9 28309
|
| 773 |
0 |
|
|t Pravda
|g Roč. XVI, č. 92 (21.4.2006), s. 4
|x 1335-4051
|
| 852 |
|
|
|a RVGKPD
|b KIS3G
|
| 992 |
|
|
|a RBX
|
| 999 |
|
|
|c 1767925
|d 1769855
|